000 01096nam a2200289 c 4500
003 BLK
005 20230408030317.0
008 180408b bul|||||r ||||||| ||bul||
010 _aKNG00062582000
040 _aBLK
041 _aRUS
_cRUS
080 _aОрганизация на възпитанието и образованието. Училищно дело.
_b37.09
_x(075.8)
_z37.09(075.8)
700 1 _aБабанский, Юрий Константинович
_eред.
_9288370
139 _aПедагогика
_bП 32
245 1 0 _aПедагогика
_bУч. пособие для студентов пед. инст.
_cред. Юрий Константинович Бабанский.
257 _aSUN
260 Москва
_bПросвещение
_c1983
300 _a608 с.
_c22 см
380 _a3
650 4 _aПедагогика - учебници за ВУЗ
_9244165
653 _aпедагогика
852 _aЦб 125561
856 4 _qpdf
_u
856 4 _qpdf
_u
942 _cKNG
_n0
944 _aCR
_c13.06.2004
_kЧиталня
944 _aED
_c29.06.2016
_kПравда_Бадева
999 _c58537
_d58537